Nationalism and social theory (Record no. 53482)
[ view plain ]
| 000 -LEADER | |
|---|---|
| fixed length control field | 01343nam a2200349 a 4500 |
| 082 04 - DEWEY DECIMAL CLASSIFICATION NUMBER | |
| Classification number | 306.2 |
| 100 1# - MAIN ENTRY--AUTHOR NAME | |
| Personal name | Delanty, Gerard. |
| 245 10 - TITLE STATEMENT | |
| Title | Nationalism and social theory |
| 260 ## - PUBLICATION, DISTRIBUTION, ETC. (IMPRINT) | |
| Place of publication | London ; |
| -- | Thousand Oaks, Calif. : |
| Name of publisher | SAGE, |
| Year of publication | 2002. |
| 300 ## - PHYSICAL DESCRIPTION | |
| Number of Pages | xvii, 207 p. |
| 490 1# - SERIES STATEMENT | |
| Series statement | New horizons in sociology |
| 650 #0 - SUBJECT ADDED ENTRY--TOPICAL TERM | |
| Topical Term | Nationalism. |
| Topical Term | Social sciences |
| 700 1# - ADDED ENTRY--PERSONAL NAME | |
| Personal name | O'Mahony, Patrick J. |
| 856 40 - ELECTRONIC LOCATION AND ACCESS | |
| Uniform Resource Identifier | http://site.ebrary.com/lib/rucke/Doc?id=10076694 |
No items available.
